[Event "EOBCC 2020"]
[Site "Online"]
[Date "2020.12.18"]
[Round "2.158"]
[White "Mischuk, Dmitry"]
[Black "Zabrzanska, Weronika"]
[Result "1-0"]
[WhiteElo "2364"]
[BlackElo "1849"]
[PlyCount "47"]
[EventDate "2020.12.18"]
[EventType "tourn"]
[EventCountry "NET"]

1. e4 e5 2. Nf3 Nc6 3. Bb5 a6 4. Ba4 Nf6 5. O-O b5 6. Bb3 Bc5 7. a4 Rb8 8. d3 O-O 9. Nc3 h6 10. h3 d6 11. Be3 Bd4 12. Bxd4 Nxd4 13. Nxd4 exd4 14. Ne2 c5 15. axb5 axb5 16. Ng3 Be6 17. Bxe6 fxe6 18. f4 d5 19. e5 Nh7 20. Qg4 Qe7 21. Ra6 Rbe8 22. Rfa1 c4 23. Ra7 h5 24. Nxh5 1-0

[Event "EOBCC 2020"]
[Site "Online"]
[Date "2020.12.18"]
[Round "2.159"]
[White "Wolagiewicz, Kinga"]
[Black "Ruperez Benito, Antonio"]
[Result "0-1"]
[WhiteElo "1791"]
[BlackElo "2363"]
[PlyCount "74"]
[EventDate "2020.12.18"]
[EventType "tourn"]
[EventCountry "NET"]

1. e4 e6 2. d4 d5 3. Nc3 Bb4 4. e5 c5 5. f4 Nc6 6. Nf3 Nge7 7. Be3 Nf5 8. Qd2 Qa5 9. a3 Bd7 10. Be2 Bxc3 11. bxc3 cxd4 12. cxd4 Nxe3 13. c3 Nc4 14. Bxc4 dxc4 15. O-O Qd5 16. Kh1 Ne7 17. Rab1 Bc6 18. Qf2 O-O-O 19. Rb4 Kb8 20. a4 a5 21. Rb2 Bxa4 22. Rb6 Bb3 23. Ra1 Nc8 24. Rd6 Nxd6 25. exd6 Rxd6 26. Ne5 Rf8 27. Ng4 Rb6 28. Ne3 Qe4 29. Rxa5 Qb1+ 30. Nf1 Bc2 31. d5 Bd3 32. Kg1 Qxf1+ 33. Qxf1 Bxf1 34. Kxf1 exd5 35. Rxd5 Re8 36. Rd4 Rb2 37. Rxc4 Ree2 0-1

[Event "EOBCC 2020"]
[Site "Online"]
[Date "2020.12.18"]
[Round "3.1"]
[White "Wojtaszek, Radoslaw"]
[Black "Theodorou, Nikolas"]
[Result "1-0"]
[WhiteElo "2705"]
[BlackElo "2554"]
[Annotator "TA"]
[PlyCount "61"]
[EventDate "2020.12.18"]
[EventType "tourn"]
[EventCountry "NET"]

1. d4 Nf6 2. c4 g6 3. g3 Bg7 4. Bg2 O-O 5. Nc3 Nc6 6. Nf3 d6 7. O-O e5 8. dxe5 Nxe5 9. b3 Nxf3+ 10. Bxf3 Bh3 11. Re1 c6 12. Be3 Re8 13. Qd2 Re6 14. Rad1 Qe7 15. Bd4 Nd7 16. Bxg7 Kxg7 17. Qd4+ Kg8 18. Rd2 a5 19. Red1 Ne5 20. Bg2 Bxg2 21. Kxg2 h5 22. h3 f5 23. h4 Rf8 24. e3 Ng4 25. Ne2 Rff6 26. Nf4 Re4 27. Qa7 Re5 28. Rxd6 Rxe3 29. Rd8+ Rf8 30. Rxf8+ Kg7 31. Qd4+ 1-0

[Event "EOBCC 2020"]
[Site "Online"]
[Date "2020.12.18"]
[Round "3.2"]
[White "Steinberg, Nitzan"]
[Black "Navara, David"]
[Result "1/2-1/2"]
[WhiteElo "2553"]
[BlackElo "2697"]
[PlyCount "130"]
[EventDate "2020.12.18"]
[EventType "tourn"]
[EventCountry "NET"]

1. e4 c5 2. Nf3 d6 3. d4 cxd4 4. Nxd4 Nf6 5. Nc3 a6 6. h4 Nc6 7. Be3 Ng4 8. Nxc6 bxc6 9. Bd2 Nf6 10. f3 g6 11. Bd3 Bg7 12. Qe2 Rb8 13. O-O-O Qa5 14. a3 Be6 15. g4 Nd7 16. Bc4 Qb6 17. b3 Qc5 18. Bxe6 fxe6 19. Nb1 Rxb3 20. Bb4 Rxb4 21. axb4 Qxb4 22. c3 Bxc3 23. Nxc3 Qxc3+ 24. Qc2 Qe3+ 25. Qd2 Qxf3 26. Rhf1 Qa3+ 27. Qb2 Qxb2+ 28. Kxb2 Ne5 29. Kc3 Kd7 30. Ra1 Ra8 31. g5 c5 32. Ra2 a5 33. Rfa1 Nc6 34. Rf2 a4 35. Rf7 a3 36. Rxh7 a2 37. h5 gxh5 38. g6 Ra3+ 39. Kb2 Rg3 40. g7 Nb4 41. e5 d5 42. Rxh5 Rxg7 43. Kb3 Rg3+ 44. Ka4 Rg4 45. Kb5 Rc4 46. Rh8 Rc2 47. Ra8 d4 48. Rg1 Rb2 49. Kxc5 Rb1 50. Rgg8 Na6+ 51. Rxa6 a1=Q 52. Rxa1 Rxa1 53. Kxd4 Ra4+ 54. Kd3 Kc6 55. Re8 Ra7 56. Ke4 Ra4+ 57. Kf3 Kd5 58. Rxe7 Kxe5 59. Rb7 Ra3+ 60. Ke2 Ke4 61. Rb4+ Kd5 62. Rh4 e5 63. Rb4 e4 64. Rb8 Kd4 65. Rd8+ Ke5 1/2-1/2

[Event "EOBCC 2020"]
[Site "Online"]
[Date "2020.12.18"]
[Round "3.3"]
[White "Bluebaum, Matthias"]
[Black "Pantsulaia, Levan"]
[Result "1-0"]
[WhiteElo "2672"]
[BlackElo "2553"]
[PlyCount "87"]
[EventDate "2020.12.18"]
[EventType "tourn"]
[EventCountry "NET"]

1. d4 Nf6 2. c4 c5 3. d5 g6 4. Nc3 Bg7 5. e4 d6 6. h3 O-O 7. Nf3 e6 8. Be3 exd5 9. cxd5 Re8 10. Nd2 Na6 11. Bd3 Nc7 12. a4 b6 13. O-O Nd7 14. Re1 Ba6 15. Bxa6 Nxa6 16. f4 Nb4 17. Nc4 Nf6 18. Bf2 Nh5 19. Qd2 Bh6 20. g3 a6 21. e5 dxe5 22. Nxe5 Qc8 23. Kh2 Qf5 24. Ng4 Bg7 25. Rad1 Red8 26. Ne5 Bh6 27. Be3 Qc2 28. Re2 Qxd2 29. Rexd2 Nf6 30. d6 Bf8 31. a5 bxa5 32. Bxc5 Rab8 33. g4 h5 34. g5 Nd7 35. Nxd7 Rxd7 36. Ne4 Bg7 37. Bd4 Nc6 38. Nf6+ Bxf6 39. Bxf6 Nd8 40. Rc1 Ne6 41. Kg3 a4 42. Rc3 Rb6 43. Rc8+ Nd8 44. Rxd8+ 1-0

[Event "EOBCC 2020"]
[Site "Online"]
[Date "2020.12.18"]
[Round "3.4"]
[White "Grigoriants, Sergey"]
[Black "Jones, Gawain C B"]
[Result "0-1"]
[WhiteElo "2546"]
[BlackElo "2670"]
[PlyCount "62"]
[EventDate "2020.12.18"]
[EventType "tourn"]
[EventCountry "NET"]

1. c4 g6 2. Nc3 Bg7 3. d4 Nf6 4. e4 d6 5. Be2 O-O 6. Bg5 c5 7. d5 b5 8. cxb5 a6 9. bxa6 Bxa6 10. Bxa6 Rxa6 11. Nf3 Nbd7 12. O-O Qa8 13. Qe2 Rb8 14. Rab1 h6 15. Bd2 Ne8 16. h4 Nef6 17. Bf4 Rab6 18. b3 Rb4 19. Rfe1 Nh5 20. Bd2 c4 21. Rec1 Nc5 22. Na4 c3 23. Nxc3 Bxc3 24. Bxc3 Rxe4 25. Qd2 Nf4 26. Re1 Qxd5 27. Rxe4 Nxe4 28. Qxf4 Nxc3 29. Re1 Kg7 30. Rxe7 Rb7 31. Rxb7 Ne2+ 0-1

[Event "EOBCC 2020"]
[Site "Online"]
[Date "2020.12.18"]
[Round "3.5"]
[White "Guseinov, Gadir"]
[Black "Smirnov, Pavel"]
[Result "0-1"]
[WhiteElo "2665"]
[BlackElo "2544"]
[PlyCount "158"]
[EventDate "2020.12.18"]
[EventType "tourn"]
[EventCountry "NET"]

1. e4 c5 2. Nc3 Nc6 3. Bb5 Nd4 4. Nf3 a6 5. Bd3 g6 6. O-O Bg7 7. Rb1 Nc6 8. a3 d6 9. b4 Nf6 10. bxc5 dxc5 11. Na4 Nd7 12. Bb2 Bxb2 13. Nxb2 O-O 14. h3 b5 15. a4 c4 16. Be2 Nc5 17. Re1 Bb7 18. axb5 axb5 19. Bf1 Nd4 20. Nxd4 Qxd4 21. c3 Qf6 22. e5 Qf5 23. d4 cxd3 24. Bxd3 Qg5 25. Qg4 Qd2 26. Bxb5 Qxc3 27. Qc4 Qxc4 28. Nxc4 Rfd8 29. Rbd1 Kg7 30. f3 g5 31. Ne3 e6 32. Ng4 Rxd1 33. Rxd1 Ra5 34. Bf1 Bc6 35. Rd6 Bb7 36. Nf6 Ra1 37. Kf2 h6 38. Bb5 Ra8 39. Ne8+ Kf8 40. Nf6 Kg7 41. Rb6 Rd8 42. Kg3 Bd5 43. Bc6 Bxc6 44. Rxc6 Nd3 45. Rc7 Nxe5 46. Ne4 Kg6 47. Ra7 Rc8 48. h4 f5 49. Nd6 f4+ 50. Kh2 Rc6 51. Ne8 gxh4 52. Rg7+ Kf5 53. Rh7 Rc2 54. Kh3 Rc1 55. Kh2 h3 56. Rxh6 hxg2 57. Kxg2 Rc2+ 58. Kf1 Nxf3 59. Ng7+ Kg4 60. Rg6+ Kh3 61. Nxe6 Nh2+ 62. Ke1 f3 63. Nf4+ Kh4 64. Kd1 f2 65. Ng2+ Kh5 66. Rf6 Ra2 67. Ne3 Ng4 68. Rf5+ Kg6 69. Rxf2 Nxf2+ 70. Kc1 Ne4 71. Kb1 Re2 72. Nd5 Kf5 73. Kc1 Ke5 74. Nb4 Kd4 75. Kd1 Rh2 76. Ke1 Ke3 77. Nd5+ Kf3 78. Kd1 Rd2+ 79. Ke1 Rxd5 0-1

[Event "EOBCC 2020"]
[Site "Online"]
[Date "2020.12.18"]
[Round "3.7"]
[White "Cheparinov, Ivan"]
[Black "Iskandarov, Misratdin"]
[Result "1-0"]
[WhiteElo "2688"]
[BlackElo "2535"]
[Annotator "TA"]
[PlyCount "79"]
[EventDate "2020.12.18"]
[EventType "tourn"]
[EventCountry "NET"]

1. Nf3 Nf6 2. c4 b6 3. d4 Bb7 4. g3 e6 5. Bg2 Be7 6. O-O O-O 7. Re1 Qc8 8. Bg5 c5 9. e4 h6 10. Bxf6 Bxf6 11. e5 Be7 12. d5 exd5 13. cxd5 d6 14. e6 fxe6 15. Bh3 Qd8 16. Bxe6+ Kh8 17. Nc3 Nd7 18. Qd3 Bf6 19. Rad1 Ne5 20. Nxe5 Bxe5 21. f4 Bd4+ 22. Kg2 a6 23. f5 b5 24. Ne2 Bf6 25. Nf4 Re8 26. Re2 c4 27. Qf3 Qb6 28. h4 b4 29. g4 c3 30. g5 Be5 31. Ng6+ Kh7 32. gxh6 gxh6 33. Qh5 Rg8 34. Kh3 cxb2 35. Rg2 Qc5 36. Nxe5 Rxg2 37. Kxg2 Qc2+ 38. Kh3 Qc3+ 39. Nd3 Qf6 40. Rg1 1-0

[Event "EOBCC 2020"]
[Site "Online"]
[Date "2020.12.18"]
[Round "3.8"]
[White "Saric, Ivan"]
[Black "Abbasov, Farid"]
[Result "1-0"]
[WhiteElo "2652"]
[BlackElo "2528"]
[PlyCount "109"]
[EventDate "2020.12.18"]
[EventType "tourn"]
[EventCountry "NET"]

1. e4 g6 2. d4 Bg7 3. Nf3 d6 4. Bc4 a6 5. c3 e6 6. Qe2 Nd7 7. Nbd2 b6 8. a4 Bb7 9. O-O Ngf6 10. Re1 e5 11. dxe5 dxe5 12. b3 O-O 13. Ba3 c5 14. b4 Qc7 15. Rab1 Nh5 16. g3 Nhf6 17. Ba2 Bc6 18. bxc5 Nxc5 19. a5 Ncd7 20. axb6 Nxb6 21. Bxf8 Bxf8 22. Ng5 Be8 23. Nc4 Na4 24. Rec1 h6 25. Nf3 Nc5 26. Ncxe5 Ncxe4 27. Nxg6 Bc5 28. Nd4 Bb5 29. Qe3 Ng5 30. Qe5 Qxe5 31. Nxe5 Re8 32. h4 Nh3+ 33. Kg2 Rxe5 34. Kxh3 Bd3 35. Rb8+ Kg7 36. Rb7 Bg6 37. Ne6+ Kg8 38. Nxc5 Rxc5 39. Ra7 Ra5 40. Bc4 Rc5 41. Bxa6 Bf5+ 42. Kg2 Be4+ 43. f3 Bd5 44. Be2 Ng4 45. c4 Bc6 46. Rc3 Re5 47. Ra2 Kg7 48. c5 Ne3+ 49. Kf2 Nd5 50. Rc4 Ne3 51. Rf4 Bd5 52. Ra7 Nf5 53. h5 Ne7 54. Bc4 Nc6 55. Bxd5 1-0

[Event "EOBCC 2020"]
[Site "Online"]
[Date "2020.12.18"]
[Round "3.10"]
[White "Movsesian, Sergei"]
[Black "Demidov, Mikhail"]
[Result "0-1"]
[WhiteElo "2647"]
[BlackElo "2526"]
[PlyCount "66"]
[EventDate "2020.12.18"]
[EventType "tourn"]
[EventCountry "NET"]

1. e4 g6 2. d4 Bg7 3. Nc3 a6 4. h4 h5 5. Nh3 b5 6. Ng5 Bb7 7. a4 b4 8. Ne2 f6 9. Nh3 Bxe4 10. Nef4 e5 11. dxe5 Nc6 12. exf6 Nxf6 13. Ng5 O-O 14. Bc4+ d5 15. Ba2 Bf5 16. O-O Ne7 17. Nfe6 Bxe6 18. Nxe6 Qd6 19. Nxf8 Ng4 20. g3 Rxf8 21. Bg5 c6 22. Qd3 Ne5 23. Bxe7 Qxe7 24. Qxa6 Nf3+ 25. Kh1 Qe6 26. Kg2 Nxh4+ 27. gxh4 Qg4+ 28. Kh1 Qxh4+ 29. Kg2 Qg4+ 30. Kh1 Rf3 31. Qd3 Rxd3 32. cxd3 Qh3+ 33. Kg1 Be5 0-1

[Event "EOBCC 2020"]
[Site "Online"]
[Date "2020.12.18"]
[Round "3.11"]
[White "Hovhannisyan, Robert"]
[Black "Jovanovic, Zoran"]
[Result "1-0"]
[WhiteElo "2642"]
[BlackElo "2517"]
[PlyCount "103"]
[EventDate "2020.12.18"]
[EventType "tourn"]
[EventCountry "NET"]

1. e4 d6 2. d4 Nf6 3. Nc3 e5 4. dxe5 dxe5 5. Qxd8+ Kxd8 6. Bc4 Ke8 7. Bd2 c6 8. f4 Nbd7 9. Nf3 Bd6 10. O-O-O Ke7 11. f5 b5 12. Bd3 Nc5 13. Bg5 h6 14. Bh4 Re8 15. Bxb5 Bb7 16. Bc4 Bc7 17. Rhe1 Kf8 18. Bxf6 gxf6 19. b4 Na6 20. a3 Rad8 21. Na4 Nb8 22. Nc5 Bc8 23. Nd2 Ke7 24. Ndb3 Rg8 25. Rxd8 Bxd8 26. g3 h5 27. Kb2 Bb6 28. Na5 Bxa5 29. bxa5 Nd7 30. Nxd7 Bxd7 31. Kc3 h4 32. gxh4 Rg4 33. h5 Rh4 34. Rb1 Rxe4 35. Rb7 Kd6 36. Rxa7 Rh4 37. Bxf7 Rh3+ 38. Kb2 Bxf5 39. Bg6 Bg4 40. a6 Bf3 41. Rf7 Ke6 42. Rf8 c5 43. a7 Rxh2 44. Re8+ Kd6 45. Rd8+ Ke6 46. a8=Q Bxa8 47. Rxa8 f5 48. Ra6+ Kd5 49. Bxf5 Rxh5 50. Be6+ Kd4 51. Ra4+ Ke3 52. Bd5 1-0

[Event "EOBCC 2020"]
[Site "Online"]
[Date "2020.12.18"]
[Round "3.12"]
[White "Suleymanli, Aydin"]
[Black "Kuzubov, Yuriy"]
[Result "1-0"]
[WhiteElo "2512"]
[BlackElo "2641"]
[PlyCount "91"]
[EventDate "2020.12.18"]
[EventType "tourn"]
[EventCountry "NET"]

1. d4 Nf6 2. c4 e6 3. Nc3 Bb4 4. Nf3 d5 5. g3 dxc4 6. Qa4+ Nc6 7. Bg2 O-O 8. O-O Nd5 9. Qc2 Nb6 10. Rd1 Be7 11. e4 Nb4 12. Qe2 a5 13. Ne5 a4 14. a3 Nc6 15. Nxc6 bxc6 16. d5 exd5 17. exd5 c5 18. d6 cxd6 19. Bxa8 Nxa8 20. Nd5 Be6 21. Nf4 Qc8 22. Re1 Nb6 23. Nxe6 Qxe6 24. Qxe6 fxe6 25. Rxe6 Kf7 26. Re2 Bf6 27. Rb1 d5 28. Bf4 d4 29. Bd6 Rc8 30. f4 d3 31. Rd2 Bd4+ 32. Kg2 Nd5 33. Be5 Bxe5 34. fxe5 Ke6 35. Re1 Rb8 36. Re4 Rb3 37. Kf3 Nb6 38. Kf4 c3 39. bxc3 Rxc3 40. Ke3 Nd5+ 41. Kf3 Rxa3 42. Rc4 Rb3 43. Rxc5 Kxe5 44. Ra5 a3 45. Kf2 Kd4 46. Ke1 1-0

[Event "EOBCC 2020"]
[Site "Online"]
[Date "2020.12.18"]
[Round "3.13"]
[White "Krzyzanowski, Marcin"]
[Black "Bartel, Mateusz"]
[Result "0-1"]
[WhiteElo "2503"]
[BlackElo "2638"]
[PlyCount "126"]
[EventDate "2020.12.18"]
[EventType "tourn"]
[EventCountry "NET"]

1. d4 Nf6 2. Nf3 e6 3. Bf4 b6 4. e3 Bb7 5. Bd3 Be7 6. Nbd2 Nh5 7. Bg3 d6 8. Qe2 Nd7 9. c3 h6 10. e4 c5 11. e5 d5 12. O-O c4 13. Bc2 b5 14. Ne1 g6 15. h3 Qb6 16. Bh2 Ng7 17. a3 a5 18. Bf4 h5 19. Ndf3 b4 20. axb4 axb4 21. Rxa8+ Bxa8 22. Bg5 b3 23. Bb1 Bf8 24. Nh2 Nf5 25. g4 hxg4 26. hxg4 Ne7 27. Nhf3 Kd8 28. Bf6 Nxf6 29. exf6 Nc6 30. Ng2 Qc7 31. Re1 Bb7 32. Qe3 Bc8 33. Nf4 Bd6 34. Ne2 Bd7 35. Kg2 Be8 36. Ng3 Bf4 37. Qe2 Kc8 38. g5 Kb7 39. Nf1 Rh5 40. Ng3 Rh8 41. Nf1 Bd7 42. Ng3 Qa5 43. Ne5 Nxe5 44. dxe5 Bxg5 45. Qf3 Bc6 46. Ne2 Rh4 47. Nd4 Rxd4 48. Rh1 Rh4 49. Rxh4 Bxh4 50. Qg4 Qa1 51. Qxh4 Qxb1 52. Qh7 Qe4+ 53. f3 Qe2+ 54. Kg1 Be8 55. Qg8 Qxe5 56. Qxe8 Qg3+ 57. Kf1 Qxf3+ 58. Kg1 Qg3+ 59. Kf1 Qf4+ 60. Kg1 Qc7 61. Qb5+ Qb6+ 62. Qxb6+ Kxb6 63. Kf2 Kc5 0-1

[Event "EOBCC 2020"]
[Site "Online"]
[Date "2020.12.18"]
[Round "3.14"]
[White "Banusz, Tamas"]
[Black "Budisavljevic, Luka"]
[Result "1-0"]
[WhiteElo "2631"]
[BlackElo "2492"]
[PlyCount "97"]
[EventDate "2020.12.18"]
[EventType "tourn"]
[EventCountry "NET"]

1. d4 Nf6 2. Nf3 e6 3. g3 b5 4. Bg2 Bb7 5. O-O c5 6. c3 Na6 7. Bg5 Be7 8. Nbd2 O-O 9. Bxf6 Bxf6 10. e4 b4 11. e5 Be7 12. Nc4 Rc8 13. Ne3 bxc3 14. bxc3 cxd4 15. cxd4 d6 16. Qa4 dxe5 17. Nxe5 Bxg2 18. Kxg2 Nb4 19. Rfd1 Nd5 20. Rdc1 Nxe3+ 21. fxe3 Qd5+ 22. Kf2 h5 23. Qd7 Qxd7 24. Nxd7 Rfd8 25. Ne5 Ba3 26. Rxc8 Rxc8 27. Rb1 Rc2+ 28. Kf3 f6 29. Rb8+ Kh7 30. Nd3 Rxh2 31. Rb7 Bd6 32. Rxa7 Rh3 33. Nf4 Bxf4 34. Kxf4 Rh2 35. Kf3 Rb2 36. a4 Kg6 37. a5 Ra2 38. a6 Ra3 39. Ra8 Kf5 40. a7 Kg6 41. Kg2 Ra2+ 42. Kh3 Ra3 43. e4 Ra2 44. d5 exd5 45. exd5 Kf7 46. d6 g5 47. g4 Ra3+ 48. Kg2 hxg4 49. d7 1-0

[Event "EOBCC 2020"]
[Site "Online"]
[Date "2020.12.18"]
[Round "3.15"]
[White "Deac, Bogdan-Daniel"]
[Black "Pakleza, Zbigniew"]
[Result "0-1"]
[WhiteElo "2625"]
[BlackElo "2501"]
[PlyCount "80"]
[EventDate "2020.12.18"]
[EventType "tourn"]
[EventCountry "NET"]

1. Nf3 d5 2. d4 c6 3. c4 Nf6 4. Nc3 Qb6 5. e3 Bf5 6. Ne5 h6 7. cxd5 cxd5 8. Bb5+ Nc6 9. Qa4 Rc8 10. Bd2 e6 11. Rc1 Bd6 12. Nxd5 Nxd5 13. Ba5 Qxa5+ 14. Qxa5 Bb4+ 15. Qxb4 Ndxb4 16. a3 Ke7 17. axb4 Nxe5 18. Kd2 Nc6 19. Bxc6 Rxc6 20. Rxc6 bxc6 21. Ra1 Ra8 22. f3 Kd6 23. e4 Bg6 24. Kc3 f5 25. exf5 Bxf5 26. Kc4 Kc7 27. Kc5 Kb7 28. Re1 Rd8 29. g4 Bd3 30. b5 Rd5+ 31. Kb4 Bxb5 32. Kc3 Rd6 33. h4 a5 34. Re5 Kb6 35. f4 a4 36. h5 Bf1 37. g5 Bh3 38. gxh6 gxh6 39. Re3 Bf5 40. Rg3 c5 0-1

[Event "EOBCC 2020"]
[Site "Online"]
[Date "2020.12.18"]
[Round "3.16"]
[White "Jakubowski, Krzysztof"]
[Black "Bok, Benjamin"]
[Result "1-0"]
[WhiteElo "2497"]
[BlackElo "2624"]
[PlyCount "41"]
[EventDate "2020.12.18"]
[EventType "tourn"]
[EventCountry "NET"]

1. e4 c5 2. Nf3 d6 3. d4 cxd4 4. Nxd4 Nf6 5. Nc3 a6 6. Be3 e5 7. Nb3 Be6 8. h3 Be7 9. Qf3 O-O 10. g4 b5 11. g5 Nfd7 12. h4 b4 13. Nd5 Bxd5 14. exd5 a5 15. Bd3 Na6 16. h5 a4 17. Qf5 g6 18. hxg6 fxg6 19. Qe6+ Rf7 20. Rxh7 Qf8 21. Bxg6 1-0

[Event "EOBCC 2020"]
[Site "Online"]
[Date "2020.12.18"]
[Round "3.18"]
[White "Kourkoulos-Arditis, Stamatis"]
[Black "Chigaev, Maksim"]
[Result "1-0"]
[WhiteElo "2485"]
[BlackElo "2615"]
[PlyCount "89"]
[EventDate "2020.12.18"]
[EventType "tourn"]
[EventCountry "NET"]

1. d4 Nf6 2. c4 g6 3. Nc3 Bg7 4. e4 d6 5. h3 O-O 6. Be3 Na6 7. g4 c6 8. Nge2 Nc7 9. Bg2 e5 10. Qd2 b5 11. cxb5 cxb5 12. dxe5 dxe5 13. Rd1 Bb7 14. O-O b4 15. Nd5 Ncxd5 16. exd5 a5 17. Ng3 Rc8 18. g5 Nd7 19. Ne4 Ba6 20. Rfe1 f5 21. gxf6 Bxf6 22. d6 Bc4 23. b3 Be6 24. Nxf6+ Qxf6 25. Bg5 Qf5 26. Bh6 Rc2 27. Be4 Rxd2 28. Bxf5 Bxf5 29. Rxd2 Rc8 30. Be3 Kf7 31. Rd5 Ra8 32. Rc1 Bxh3 33. Rc7 Ke6 34. Rd2 Bf5 35. f3 h5 36. Kf2 h4 37. Bg5 h3 38. Kg3 a4 39. Re2 axb3 40. axb3 Kxd6 41. Rc4 Rb8 42. Rd2+ Ke6 43. Rc7 Rb6 44. Rcxd7 h2 45. Re7# 1-0

[Event "EOBCC 2020"]
[Site "Online"]
[Date "2020.12.18"]
[Round "3.19"]
[White "Kuzmicz, Krystian"]
[Black "Smirin, Ilia"]
[Result "0-1"]
[WhiteElo "2469"]
[BlackElo "2614"]
[PlyCount "98"]
[EventDate "2020.12.18"]
[EventType "tourn"]
[EventCountry "NET"]

1. e4 c5 2. d3 Nc6 3. g3 g6 4. Bg2 Bg7 5. f4 e6 6. Nf3 d5 7. O-O Nge7 8. c3 O-O 9. Na3 b6 10. e5 Ba6 11. Re1 b5 12. Nc2 Qb6 13. Be3 b4 14. cxb4 Nxb4 15. Nxb4 Qxb4 16. b3 d4 17. Bf2 Nd5 18. Qc2 Qc3 19. Qxc3 Nxc3 20. Nd2 Bxd3 21. Bxa8 Rxa8 22. Kg2 a5 23. a4 Rb8 24. Rac1 Bf8 25. g4 Ba6 26. Rc2 Bd3 27. Rec1 Bxc2 28. Rxc2 Nd5 29. Kf3 Nb4 30. Rc4 Nd3 31. Bh4 h6 32. Ke4 Nb4 33. Rc1 Nd5 34. Be1 Be7 35. Rc4 h5 36. h3 hxg4 37. hxg4 Kg7 38. Rc1 Rh8 39. Nf3 Rb8 40. Nd2 f6 41. exf6+ Nxf6+ 42. Kf3 Nd5 43. Ke4 Kf7 44. f5 Nf6+ 45. Ke5 Nxg4+ 46. Kf4 gxf5 47. Nc4 Rxb3 48. Bxa5 Kg6 49. Bc7 Bg5# 0-1

[Event "EOBCC 2020"]
[Site "Online"]
[Date "2020.12.18"]
[Round "3.20"]
[White "Petriashvili, Nikoloz"]
[Black "Tomczak, Jacek"]
[Result "0-1"]
[WhiteElo "2425"]
[BlackElo "2610"]
[PlyCount "96"]
[EventDate "2020.12.18"]
[EventType "tourn"]
[EventCountry "NET"]

1. d4 Nf6 2. Nf3 g6 3. g3 Bg7 4. Bg2 d5 5. O-O O-O 6. c4 dxc4 7. Na3 c3 8. bxc3 c5 9. Nc4 Nc6 10. Nfe5 Na5 11. Nxa5 Qxa5 12. Qb3 Be6 13. Qa3 Qxa3 14. Bxa3 Bd5 15. Bxc5 Bxg2 16. Kxg2 Ne4 17. Nd3 Nxc3 18. e3 Nd5 19. Rfc1 Rfc8 20. Rab1 b6 21. Ba3 Kf8 22. Nb4 Nc3 23. Rb3 Nb5 24. Nc6 Nxa3 25. Rxa3 Ke8 26. d5 Kd7 27. Rc2 Kd6 28. e4 f5 29. f3 Rc7 30. Re3 fxe4 31. fxe4 Be5 32. Rf2 e6 33. Rd3 exd5 34. exd5 Bg7 35. Re2 Rf8 36. Re6+ Kc5 37. Ne7 Rd7 38. d6 Bd4 39. Re4 Rxd6 40. h4 Bf6 41. Rde3 Rd2+ 42. Kh3 h5 43. Re6 Bd4 44. Rc6+ Kb5 45. Rb3+ Ka6 46. Nd5 Rff2 47. Ra3+ Kb5 48. Rxg6 Rh2# 0-1

[Event "EOBCC 2020"]
[Site "Online"]
[Date "2020.12.18"]
[Round "3.21"]
[White "Durarbayli, Vasif"]
[Black "Shubin, Kirill"]
[Result "1/2-1/2"]
[WhiteElo "2606"]
[BlackElo "2441"]
[PlyCount "129"]
[EventDate "2020.12.18"]
[EventType "tourn"]
[EventCountry "NET"]

1. e4 e6 2. d4 d5 3. e5 c5 4. c3 Qa5 5. Nd2 Nc6 6. Ngf3 Bd7 7. Nb3 Qc7 8. dxc5 Nxe5 9. Bf4 Nd3+ 10. Bxd3 Qxf4 11. O-O Nf6 12. Rc1 Be7 13. Re1 O-O 14. c4 Bc6 15. Ne5 Rfd8 16. g3 Qh6 17. Qf3 Rac8 18. Bf1 b6 19. cxb6 axb6 20. Nxc6 Rxc6 21. cxd5 Rxc1 22. Nxc1 Nxd5 23. Nd3 Bf6 24. Rd1 Rc8 25. a3 g6 26. Qe2 Qg7 27. Bg2 Rd8 28. Nf4 Nxf4 29. Rxd8+ Bxd8 30. gxf4 Bc7 31. Qc4 Bd6 32. Qc8+ Qf8 33. Qxf8+ Kxf8 34. f5 exf5 35. b4 Be5 36. Bd5 Bb2 37. a4 Bc3 38. a5 bxa5 39. bxa5 Bxa5 40. Kg2 Ke7 41. Kf3 Kf6 42. Bc4 Bc7 43. h3 h6 44. Bb5 Bd6 45. Be8 Ke7 46. Bb5 Ke6 47. Be8 Kf6 48. Kg2 Ke7 49. Bb5 Bc5 50. Ba4 f6 51. Bc2 Ke6 52. Ba4 Ke5 53. f3 g5 54. Be8 Kf4 55. Bh5 Bd4 56. Bg6 g4 57. fxg4 fxg4 58. hxg4 Kxg4 59. Bd3 f5 60. Bxf5+ Kxf5 61. Kh1 h5 62. Kg2 h4 63. Kh1 h3 64. Kh2 Ke6 65. Kxh3 1/2-1/2

[Event "EOBCC 2020"]
[Site "Online"]
[Date "2020.12.18"]
[Round "3.22"]
[White "Postny, Evgeny"]
[Black "Muradli, Mahammad"]
[Result "0-1"]
[WhiteElo "2605"]
[BlackElo "2449"]
[PlyCount "108"]
[EventDate "2020.12.18"]
[EventType "tourn"]
[EventCountry "NET"]

1. d4 g6 2. c4 Bg7 3. Nf3 d6 4. Nc3 Nf6 5. e4 O-O 6. Be2 c6 7. O-O e5 8. Re1 exd4 9. Nxd4 Re8 10. f3 d5 11. exd5 cxd5 12. Nb3 Qb6+ 13. c5 Qd8 14. Nb5 Nc6 15. Nd6 Re6 16. Bg5 b6 17. Nxc8 Rxc8 18. Ba6 Rxe1+ 19. Qxe1 Rb8 20. Bf4 bxc5 21. Bxb8 Qxb8 22. Nxc5 Qb6 23. Rc1 Bf8 24. Qf2 d4 25. Bb7 Nd8 26. b4 Qxb4 27. Ne4 Nh5 28. Ba6 Nf4 29. Bf1 Nde6 30. g3 Nd5 31. Bc4 Qa3 32. Re1 Ndc7 33. h4 h5 34. Kg2 Be7 35. Qe2 Bxh4 36. Qd3 Qb4 37. Rb1 Qa5 38. a4 Be7 39. Rb8+ Kg7 40. Bxe6 Nxe6 41. Qc4 Qe1 42. Qc8 Qe2+ 43. Nf2 Bf8 44. Qb7 h4 45. Qe4 h3+ 46. Kg1 h2+ 47. Kg2 Qxf2+ 48. Kxf2 h1=Q 49. Qe5+ Kg8 50. Rb7 Qh2+ 51. Kf1 Qh1+ 52. Kf2 Qh6 53. Qf6 Qe3+ 54. Kg2 Ng5 0-1

[Event "EOBCC 2020"]
[Site "Online"]
[Date "2020.12.18"]
[Round "3.23"]
[White "Socko, Monika"]
[Black "Azarov, Sergei"]
[Result "0-1"]
[WhiteElo "2421"]
[BlackElo "2604"]
[PlyCount "102"]
[EventDate "2020.12.18"]
[EventType "tourn"]
[EventCountry "NET"]

1. e4 e5 2. Nf3 Nc6 3. Bb5 a6 4. Bxc6 dxc6 5. O-O Be7 6. Nxe5 Qd4 7. Nf3 Qxe4 8. Nc3 Qg6 9. Ne5 Qf5 10. d4 h5 11. Qf3 Qxf3 12. Nxf3 Be6 13. Bf4 O-O-O 14. Rad1 Bg4 15. Rd3 Bf5 16. Rd2 Bb4 17. Ne5 Be6 18. a3 Bxc3 19. bxc3 Ne7 20. Re1 Nd5 21. Bg5 f6 22. Ng6 Rhe8 23. Be3 Nxc3 24. h3 Bf7 25. Nh4 Nb5 26. a4 Nxd4 27. Red1 Nxc2 28. Bc5 b6 29. Rxd8+ Rxd8 30. Rxd8+ Kxd8 31. Bf8 g6 32. f4 c5 33. Kf2 Nd4 34. Ke3 Nf5+ 35. Nxf5 gxf5 36. a5 Kd7 37. Kd3 h4 38. Ke3 Bd5 39. Kf2 Ke8 40. Bh6 c4 41. Bg7 Kf7 42. Bh6 b5 43. Ke2 Bxg2 44. Ke3 Bxh3 45. Kf2 Bg4 46. Ke3 h3 47. Kf2 c3 48. Kg3 c2 49. Bg5 c1=Q 50. Bxf6 Qe1+ 51. Kh2 Qf2+ 0-1

[Event "EOBCC 2020"]
[Site "Online"]
[Date "2020.12.18"]
[Round "3.24"]
[White "Hakobyan, Aram"]
[Black "Kacharava, Nikolozi"]
[Result "1-0"]
[WhiteElo "2598"]
[BlackElo "2443"]
[PlyCount "57"]
[EventDate "2020.12.18"]
[EventType "tourn"]
[EventCountry "NET"]

1. c4 e5 2. b3 g6 3. Bb2 Bg7 4. g3 Nc6 5. Bg2 d6 6. Nc3 Nge7 7. d3 O-O 8. Qd2 Be6 9. h4 d5 10. h5 dxc4 11. bxc4 f5 12. Nf3 Nd4 13. Ng5 Nec6 14. hxg6 hxg6 15. Nd5 Qd6 16. Rh7 Ne7 17. e3 Nxd5 18. cxd5 Bxd5 19. Bxd5+ Qxd5 20. exd4 exd4 21. O-O-O Rf6 22. Rdh1 Qxa2 23. Rxg7+ Kxg7 24. Bxd4 Qa3+ 25. Bb2 Qc5+ 26. Kb1 Raf8 27. Ne6+ Kf7 28. Nxc5 Rc6 29. Rh7+ 1-0

[Event "EOBCC 2020"]
[Site "Online"]
[Date "2020.12.18"]
[Round "3.25"]
[White "Gunnarsson, Arnar"]
[Black "Kollars, Dmitrij"]
[Result "1-0"]
[WhiteElo "2420"]
[BlackElo "2598"]
[PlyCount "97"]
[EventDate "2020.12.18"]
[EventType "tourn"]
[EventCountry "NET"]

1. c4 e5 2. Nc3 Bb4 3. Nd5 Bc5 4. Nf3 d6 5. e3 c6 6. Nc3 Qe7 7. d4 exd4 8. Nxd4 Nf6 9. Be2 O-O 10. O-O Rd8 11. Bf3 Nbd7 12. Nf5 Qe6 13. e4 Ne5 14. b3 d5 15. cxd5 cxd5 16. Bg5 Nxf3+ 17. gxf3 Bb6 18. Qc2 d4 19. Na4 h6 20. Bh4 Bd7 21. Nc5 Bxc5 22. Qxc5 d3 23. Rfd1 Bc6 24. Qe3 d2 25. Rxd2 Rxd2 26. Qxd2 Nxe4 27. fxe4 Qxe4 28. Ne7+ Kh8 29. Nxc6 Qxh4 30. Nd4 Rd8 31. Rd1 Rd6 32. f3 Qh3 33. Kh1 a6 34. Rg1 Qd7 35. Rd1 Qd8 36. Qe3 Qd7 37. Rd2 Qh3 38. Qf2 Qd7 39. b4 Qc7 40. Nb3 Rf6 41. Rc2 Qf4 42. Rc3 Qxb4 43. Rc8+ Kh7 44. Qc2+ g6 45. Qc3 Qf4 46. Nd2 h5 47. Ne4 Qxf3+ 48. Qxf3 Rxf3 49. Ng5+ 1-0